Kim Vân Kiều = English translation, footnotes and commentaries
Na minha lista:
| Autor principal: | |
|---|---|
| Formato: | Livro |
| Idioma: | Undetermined |
| Publicado em: |
Hà Nội
Văn Học
1999
|
| Assuntos: | |
| Tags: |
Adicionar Tag
Sem tags, seja o primeiro a adicionar uma tag!
|
| Thư viện lưu trữ: | Trung tâm Học liệu Trường Đại học Cần Thơ |
|---|
| LEADER | 00602nam a2200181Ia 4500 | ||
|---|---|---|---|
| 001 | CTU_37479 | ||
| 008 | 210402s9999 xx 000 0 und d | ||
| 082 | |a 895.9221 | ||
| 082 | |b D500/1999 | ||
| 100 | |a Nguyễn Du | ||
| 245 | 0 | |a Kim Vân Kiều | |
| 245 | 0 | |b = English translation, footnotes and commentaries | |
| 245 | 0 | |c Nguyễn Du; Dịch giả: Lê Xuân Thủy | |
| 260 | |a Hà Nội | ||
| 260 | |b Văn Học | ||
| 260 | |c 1999 | ||
| 650 | |a kieu story,vietnamese literature - 18th century,vietnamese poetry ( english ) | ||
| 980 | |a Trung tâm Học liệu Trường Đại học Cần Thơ | ||